[Event "Roncana op 11th"]
[Site "Santa Eulalia de Roncana"]
[Date "2017.11.04"]
[Round "6"]
[White "Centelles Vivas, Aleix"]
[Black "Pares Peris, Jordi"]
[Result "1-0"]
[WhiteElo "1848"]
[BlackElo "2128"]
[PlyCount "75"]
[EventDate "2017.09.23"]
[EventType "swiss"]
[EventRounds "8"]
[EventCountry "ESP"]
[SourceTitle "CBM 187 Extra"]
[Source "ChessBase"]
[SourceDate "2018.11.04"]
[SourceVersion "1"]
[SourceVersionDate "2018.11.04"]
[SourceQuality "1"]

1. d4 f5 2. e4 fxe4 3. Nc3 Nf6 4. Bg5 Nc6 5. f3 e5 6. d5 Nd4 7. Nxe4 Be7 8. Bxf6 Bxf6 9. c3 Nf5 10. Qd2 d6 11. 0-0-0 0-0 12. Bd3 Be7 13. Ne2 c6 14. Bc4 Qb6 15. Qd3 Kh8 16. Rd2 Bd7 17. N2g3 Ne3 18. h4 cxd5 19. Bxd5 Bb5 20. c4 Nxd5 21. cxb5 Rac8+ 22. Kb1 Nf4 23. Qb3 d5 24. Nc3 Qe3 25. Rhd1 d4 26. Nf1 Qg1 27. Nd5 Nxd5 28. Qxd5 Bxh4 29. Qxe5 Bf6 30. Qe4 d3 31. Ne3 Qh2 32. Ng4 Qc7 33. Rh1 g6 34. Nxf6 Rxf6 35. Qxd3 Qb6 36. Qd7 Rc7 37. Rxh7+ Kg8 38. Qxc7 1-0

[Event "Vall del Tenes op 6th"]
[Site "Santa Eulalia de Roncana"]
[Date "2017.05.12"]
[Round "4"]
[White "Mas Recorda, Pere"]
[Black "Centelles Vivas, Aleix"]
[Result "1/2-1/2"]
[WhiteElo "1968"]
[BlackElo "1847"]
[PlyCount "43"]
[EventDate "2017.04.21"]
[EventType "swiss"]
[EventRounds "8"]
[EventCountry "ESP"]
[SourceTitle "CBM 189 Extra"]
[Source "ChessBase"]
[SourceDate "2019.06.03"]
[SourceVersion "1"]
[SourceVersionDate "2019.06.03"]
[SourceQuality "1"]

1. d4 Nf6 2. c4 b6 3. Nc3 Bb7 4. Nf3 e6 5. Bg5 Be7 6. Qc2 Na6 7. Bxf6 Bxf6 8. e4 0-0 9. Be2 d6 10. 0-0 c5 11. Rad1 Nb4 12. Qb3 Qb8 13. d5 e5 14. a3 Na6 15. Bd3 Bc8 16. h3 Nc7 17. Qc2 Bd7 18. a4 Na6 19. Na2 Qe8 20. b3 g6 21. Qd2 Bg7 22. Bc2 1/2-1/2

[Event "Moia op 5th"]
[Site "Moia"]
[Date "2016.10.28"]
[Round "5"]
[White "Centelles Vivas, Aleix"]
[Black "Duran Burniol, Joan"]
[Result "1/2-1/2"]
[WhiteElo "1813"]
[BlackElo "1916"]
[PlyCount "75"]
[EventDate "2016.09.23"]
[EventType "swiss"]
[EventRounds "8"]
[EventCountry "ESP"]
[SourceTitle "EXT 2018"]
[Source "ChessBase"]
[SourceDate "2017.10.13"]
[SourceVersion "1"]
[SourceVersionDate "2017.10.13"]
[SourceQuality "1"]

1. d4 e6 2. Nf3 f5 3. g3 d5 4. Bg2 Nf6 5. c4 c6 6. 0-0 Bd6 7. b3 Qe7 8. a4 0-0 9. Ba3 Bd7 10. Bxd6 Qxd6 11. Nbd2 Be8 12. Ne5 Nbd7 13. Ndf3 Bh5 14. Re1 Rad8 15. c5 Qc7 16. b4 Bxf3 17. exf3 f4 18. Nxd7 Qxd7 19. Bh3 Rde8 20. Qe2 Kf7 21. Qe5 fxg3 22. fxg3 g6 23. Ra2 Nh5 24. Rae2 Ng7 25. Kg2 Kg8 26. f4 Qf7 27. b5 Qd7 28. Rb2 Kf7 29. Reb1 Re7 30. bxc6 Qxc6 31. Qd6 Qxa4 32. Rxb7 Rfe8 33. R7b4 Qc2+ 34. Kg1 Nf5 35. Bxf5 Qxf5 36. c6 Qc2 37. Rb7 Qc4 38. R7b4 1/2-1/2

[Event "Vall del Tenes op 5th"]
[Site "Vall del Tenes"]
[Date "2016.05.06"]
[Round "5"]
[White "Centelles Vivas, Aleix"]
[Black "Mas Recorda, Pere"]
[Result "1/2-1/2"]
[WhiteElo "1823"]
[BlackElo "2016"]
[PlyCount "87"]
[EventDate "2016.04.08"]
[EventType "swiss"]
[EventRounds "8"]
[EventCountry "ESP"]
[SourceTitle "CBM 172 Extra"]
[Source "ChessBase"]
[SourceDate "2016.06.21"]
[SourceVersion "1"]
[SourceVersionDate "2016.06.21"]
[SourceQuality "1"]

1. d4 d5 2. Bf4 e6 3. e3 Nf6 4. Nf3 Bd6 5. Ne5 0-0 6. Bd3 Nbd7 7. 0-0 Ne8 8. Nd2 f5 9. f3 Bxe5 10. Bxe5 Nef6 11. Bxf6 Qxf6 12. f4 g5 13. Nf3 g4 14. Ne5 Nxe5 15. fxe5 Qg5 16. Rf4 Bd7 17. c4 c6 18. Rc1 a6 19. c5 Rf7 20. Qe2 Rg7 21. Rcf1 Kh8 22. a4 Rg6 23. Qe1 Rag8 24. Qg3 Rh6 25. R4f2 Qh5 26. Rf4 Qe8 27. a5 Rh3 28. gxh3 gxh3 29. Be2 Rxg3+ 30. hxg3 Qg6 31. Kh2 Be8 32. Rh4 f4 33. Rhxf4 Qc2 34. R1f2 Bg6 35. Bh5 Qd3 36. Bxg6 hxg6 37. R4f3 Kg7 38. Kxh3 Qb1 39. Kg4 Qh1 40. Rf7+ Kh6 41. R7f6 Qe4+ 42. R2f4 Qh1 43. Rf2 Qe4+ 44. R2f4 1/2-1/2

[Event "Vall del Tenes op 3rd"]
[Site "Santa Eulalia de Roncana"]
[Date "2014.04.25"]
[Round "1"]
[White "Centelles Vivas, Aleix"]
[Black "Viaplana Puigdomenech, Santi"]
[Result "1-0"]
[WhiteElo "2011"]
[BlackElo "1796"]
[PlyCount "131"]
[EventDate "2014.04.25"]
[EventType "swiss"]
[EventRounds "8"]
[EventCountry "ESP"]
[SourceTitle "CBM 160 Extra"]
[Source "ChessBase"]
[SourceDate "2014.07.01"]
[SourceVersion "1"]
[SourceVersionDate "2014.07.01"]
[SourceQuality "1"]

1. d4 d5 2. c4 e6 3. Nc3 Nf6 4. Bg5 Be7 5. e3 Nbd7 6. cxd5 Nxd5 7. Bxe7 Qxe7 8. e4 Nxc3 9. bxc3 0-0 10. Bd3 c5 11. Ne2 cxd4 12. cxd4 Qb4+ 13. Qd2 Qxd2+ 14. Kxd2 e5 15. d5 Nc5 16. Rhc1 Nxd3 17. Kxd3 f5 18. Ng3 fxe4+ 19. Nxe4 Bf5 20. f3 Rfd8 21. Rc5 b6 22. Rb5 Rac8 23. Ke3 Rc2 24. g4 Bxe4 25. Kxe4 Re2+ 26. Kd3 Rxh2 27. a4 a6 28. Rxb6 Rxd5+ 29. Ke4 Rhd2 30. Rxa6 R2d4+ 31. Ke3 Rd8 32. Ra7 Rc8 33. Ra3 Rcd8 34. a5 Rd1 35. a6 Re1+ 36. Kf2 Red1 37. Rb7 Rc1 38. a7 Rcc8 39. Rab3 Rc2+ 40. Ke3 Ra2 41. Rb8 Rxa7 42. Rxd8+ Kf7 43. Rdb8 Ra4 44. R8b7+ Kg8 45. Re7 h6 46. Rb8+ Kh7 47. Rbb7 Kg6 48. Rxg7+ Kf6 49. Rbf7+ Ke6 50. Rf5 Ra3+ 51. Kf2 Ra2+ 52. Kg3 Ra1 53. Rg6+ Kd5 54. Rxh6 Rg1+ 55. Kf2 Ra1 56. Rhh5 Ra2+ 57. Kg3 Re2 58. f4 Re3+ 59. Kf2 Kd4 60. Rxe5 Ra3 61. g5 Ra2+ 62. Kf3 Ra1 63. Kg4 Rg1+ 64. Kf5 Ra1 65. g6 Ra7 66. Rh7 1-0